La poesía de Mariano Roldán o La autenticidad del hombre nuevo / (Record no. 13147)

MARC details
000 -LEADER
campo de control de longitud fija 00915nam a22002775i 4500
001 - NÚMERO DE CONTROL
campo de control 13147
003 - IDENTIFICADOR DE NÚMERO DE CONTROL
campo de control ES-MaACL
005 - FECHA Y HORA DE LA ÚLTIMA TRANSACCIÓN
campo de control 20240528121600.0
007 - CAMPO FIJO DE DESCRIPCIÓN FÍSICA--INFORMACIÓN GENERAL
campo de control de longitud fija t|
008 - DATOS DE LONGITUD FIJA--INFORMACIÓN GENERAL
campo de control de longitud fija 940912s1994 sp ||||0| spa j
020 ## - NÚMERO INTERNACIONAL ESTÁNDAR DEL LIBRO
Número Internacional Estándar del Libro 84-88617-00-3
040 ## - FUENTE DE CATALOGACIÓN
Centro catalogador/agencia de origen M-BN
Lengua de catalogación spa
Centro/agencia transcriptor M-BN
080 ## - NÚMERO DE LA CLASIFICACIÓN DECIMAL UNIVERSAL
Número de la Clasificación Decimal Universal 860 Roldán, Mariano 1.06
100 1# - ENTRADA PRINCIPAL--NOMBRE DE PERSONA
Nombre de persona Durañona, Marina.
9 (RLIN) 46278
245 13 - MENCIÓN DEL TÍTULO
Título La poesía de Mariano Roldán o La autenticidad del hombre nuevo /
Mención de responsabilidad, etc. Marina Durañona.
250 ## - MENCION DE EDICION
Mención de edición 1ª ed.
260 ## - PUBLICACIÓN, DISTRIBUCIÓN, ETC.
Lugar de publicación, distribución, etc. Rute :
Nombre del editor, distribuidor, etc. Anfora,
Fecha de publicación, distribución, etc. 1994.
300 ## - DESCRIPCIÓN FÍSICA
Extensión 205 p. :
Otras características físicas 1 retr. ;
Dimensiones 20 cm.
490 1# - MENCIÓN DE SERIE
Mención de serie Anfora nova. Serie Ensayo ;
Designación de volumen o secuencia 1
504 ## - NOTA DE BIBLIOGRAFÍA, ETC.
Nota de bibliografía, etc. Bibliografía: p. 201-202.
600 04 - PUNTO DE ACCESO ADICIONAL DE MATERIA--NOMBRE DE PERSONA
Nombre de persona Roldán, Mariano,
Fechas asociadas al nombre 1932-2019-
Subdivisión general Crítica e interpretación
9 (RLIN) 99140
830 0# - PUNTO DE ACCESO ADICIONAL DE SERIE-TÍTULO UNIFORME
Título uniforme Ánfora Nova. Serie Ensayo
Designación de volumen o secuencia 1
9 (RLIN) 228388
852 ## - LOCALIZACIÓN
Ubicación ES-MaACL
Número de control de estantería L-20546
Sublocalización o colección R.123807
852 ## - LOCALIZACIÓN
Ubicación ES-MaACL
Número de control de estantería L-22973
Sublocalización o colección R.123084
Holdings
Estatus retirado Estado de pérdida Estado de daño No para préstamo Biblioteca de origen Biblioteca actual Ubicación en estantería Fecha de adquisición Fuente de adquisición Total de préstamos Signatura topográfica completa Código de barras Visto por última vez Precio de reemplazo Tipo de ítem Koha
        Biblioteca del Ateneo de Madrid Biblioteca del Ateneo de Madrid Depósito 2 17/01/2008     L-22973 1013388 23/02/2023 23/02/2023 Libro impreso
        Biblioteca del Ateneo de Madrid Biblioteca del Ateneo de Madrid Depósito 2 17/01/2008     L-20546 1013387 23/02/2023 23/02/2023 Libro impreso